5HLuxD.jpg

KING HENRY VIII SENIOR AND PRIMARY SCHOOL LIBRARY OPAC

Cambridge global English. (Record no. 2865)

000 -LEADER
fixed length control field 01150nam a22003618i 4500
001 - CONTROL NUMBER
control field 023237143
003 - CONTROL NUMBER IDENTIFIER
control field UkOxU
005 - DATE AND TIME OF LATEST TRANSACTION
control field 20230828152846.0
008 - FIXED-LENGTH DATA ELEMENTS--GENERAL INFORMATION
fixed length control field 210118s2021 enk 000|0|eng|d
015 ## - NATIONAL BIBLIOGRAPHY NUMBER
National bibliography number GBC105895
Source bnb
016 7# - NATIONAL BIBLIOGRAPHIC AGENCY CONTROL NUMBER
Record control number 020081786
Source Uk
020 ## - INTERNATIONAL STANDARD BOOK NUMBER
International Standard Book Number 9781108963824 (pbk.) :
035 ## - SYSTEM CONTROL NUMBER
System control number (Uk)020081786
035 ## - SYSTEM CONTROL NUMBER
System control number (StEdALDL)1/4008041
040 ## - CATALOGING SOURCE
Original cataloging agency StDuBDS
Language of cataloging eng
Description conventions rda
Transcribing agency StDuBDS
Modifying agency KH8
049 ## - LOCAL HOLDINGS (OCLC)
Holding library CROBAR
082 04 - DEWEY DECIMAL CLASSIFICATION NUMBER
Classification number 372.6521044 MAB
Edition number 23
100 1# - MAIN ENTRY--PERSONAL NAME
Personal name Mabbott, Nicola,
Relator term author.
245 10 - TITLE STATEMENT
Title Cambridge global English.
Number of part/section of a work 5,
Name of part/section of a work Teacher's resource /
Statement of responsibility, etc. Nicola Mabbott with Helen Tiliouine, Kathryn Harper.
250 ## - EDITION STATEMENT
Edition statement Second edition.
263 ## - PROJECTED PUBLICATION DATE
Projected publication date 202103
264 #1 - PRODUCTION, PUBLICATION, DISTRIBUTION, MANUFACTURE, AND COPYRIGHT NOTICE
Place of production, publication, distribution, manufacture Cambridge :
Name of producer, publisher, distributor, manufacturer Cambridge University Press,
Date of production, publication, distribution, manufacture, or copyright notice 2021.
300 ## - PHYSICAL DESCRIPTION
Extent 1 volume ;
Dimensions 30 cm
336 ## - CONTENT TYPE
Content type term text
Source rdacontent
337 ## - MEDIA TYPE
Media type term unmediated
Source rdamedia
338 ## - CARRIER TYPE
Carrier type term volume
Source rdacarrier
500 ## - GENERAL NOTE
General note Includes digital access.
650 #0 - SUBJECT ADDED ENTRY--TOPICAL TERM
Topical term or geographic name entry element English language
General subdivision Study and teaching (Elementary)
-- Foreign speakers.
650 #0 - SUBJECT ADDED ENTRY--TOPICAL TERM
Topical term or geographic name entry element Second language acquisition.
700 1# - ADDED ENTRY--PERSONAL NAME
Personal name Tiliouine, Helen,
Relator term author.
700 10 - ADDED ENTRY--PERSONAL NAME
Personal name Harper, Kathryn,
Relator term author.
942 ## - ADDED ENTRY ELEMENTS (KOHA)
Source of classification or shelving scheme
Koha item type Teaching Resources
Holdings
Withdrawn status Lost status Source of classification or shelving scheme Damaged status Not for loan Collection code Permanent Location Current Location Shelving location Date acquired Full call number Barcode Date last seen Price effective from Koha item type Total Checkouts Date last checked out
          Teaching Resources KH8 Primary School Library KH8 Primary School Library Staff Office 2023-08-28 372.6521044 MAB TRKHPL000004291 2023-08-28 2023-08-28 Teaching Resources    
          Teaching Resources KH8 Senior School Library KH8 Senior School Library Staff Office 2024-09-11 372.6521044 MAB TRKHSL005655 2025-07-01 2024-09-11 Teaching Resources 1 2025-04-25

Powered By KH8 IT Dept